Statistics for Ultimate One-Hit Wonders Quiz

Click here to take the quiz!

General Stats

  • This quiz has been taken 6 times
  • The average score is 3 of 17

Answer Stats

Artist% Correct
Jan Hammer
50%
M
50%
Omi
33%
Baauer
17%
Bobby McFerrin
17%
Crazy Town
17%
Daniel Powter
17%
Magic!
17%
Sheriff
17%
The Heights
17%
The Singing Nun
17%
Zager & Evans
17%
Los del Rio
0%
The Elegants
0%
The Hollywood Argyles
0%
USA for Africa
0%
Vangelis
0%

Score Distribution

Percentile by Number Answered

Percent of People with Each Score

Your Score History

You have not taken this quiz